| 000 | 00458nam a2200193Ia 4500 | ||
|---|---|---|---|
| 005 | 20250423101611.0 | ||
| 008 | 250422s9999 xx 000 0 und d | ||
| 020 | _a9780813349039 | ||
| 050 | _aNA 2500 .R68/ | ||
| 100 | _aRoth, Leland M. | ||
| 245 | 0 | _aUnderstanding architecture | |
| 250 | _a3rd ed. | ||
| 260 | _aOxon | ||
| 260 | _bRoutledge | ||
| 260 | _c2018 | ||
| 300 | _a745 p | ||
| 650 | _aArchitecture. Architecture--History. | ||
| 942 | _cBK | ||
| 999 |
_c36723 _d36723 |
||